000
00188 a2200097 4500
001
8263
090
_c
6646
_d
6646
100
_a
Homex
245
_a
The odyssey (Transfered to SOA)
260
_b
Oxford
942
_a
NUST-CAE
999
_c
243336
_d
243336